Most expensive football transfers - Centre-Backs - 2013-2014 Season - Statistics

General Stats
  • This quiz has been taken 13 times
  • The average score is 7 of 13
Answer Stats
Fee (M €) Nationality Left Joined Player % Correct
10,00 Croatia Olympique Lyon Southampton Dejan Lovren
91%
31,40 Brazil AS Roma Paris SG Marquinhos
91%
19,00 France Paris SG Liverpool Mamadou Sakho
82%
13,50 Morocco Udinese Calcio AS Roma Medhi Benatia
73%
10,00 Colombia Villarreal AC Milan Cristián Zapata
64%
12,00 Spain Real Madrid SSC Napoli Raúl Albiol
64%
11,60 Republic of the Congo QPR Anzhi Christopher Samba
55%
10,00 Republic of the Congo Anzhi Dinamo Moscow Christopher Samba
55%
14,60 France Saint-Étienne Chelsea Kurt Zouma
55%
13,00 Chile Sevilla FC Cardiff Gary Medel
45%
10,00 Austria FC Basel Dynamo Kyiv Aleksandar Dragovic
36%
15,00 Italy Torino Juventus Angelo Ogbonna
18%
10,00 Czech Republic Genoa U19 Milan U19 Stefan Simic
18%
No matching quizzes found
Score Distribution
Percent of People with Each Score
Percentile by Number Answered
Your Score History
You have not taken this quiz